000 00609nam a2200181Ia 4500
003 GCL
008 140319s9999 xx 000 0 ara d
040 _aGCL /
_cGCL
082 0 4 _a372.35
_bر ت
100 1 _aرفعت محمود بهجات
245 1 0 _aتدريس العلوم المعاصرة المفاهيم والتطبيقات /
_cرفعت محمود بهجات
300 _a287 ص
490 _aالهيئة العامة للاستعلامات
_v0
650 0 4 _aطرق التدريس
650 0 4 _aالتدريس
650 0 4 _aالعلوم المعاصرة - طرق تدريس
942 _2ddc
_cBK
999 _c47714
_d47714